Analýzy a stratégie marketingového manažmentu praktická príručka pre marketingových stratégov

Salvato in:
Dettagli Bibliografici
Autore principale: Körmendy, Viliam
Altri autori: Konštiak, Pavol, Vávra, Viktor
Natura: Libro
Lingua:slovacco
Pubblicazione: Bratislava IRIS 2005
Soggetti:
Tags: Aggiungi Tag
Nessun Tag, puoi essere il primo ad aggiungerne!!

MARC

LEADER 00000nam$a2200000$$$4500
001 0091578
005 20240502072024.7
020 |a 80-89018-83-1 
041 0 |a slo 
044 |a SK 
245 1 0 |a Analýzy a stratégie marketingového manažmentu  |b praktická príručka pre marketingových stratégov  |c Viliam Körmendy - Pavol Konštiak 
264 1 |a Bratislava  |b IRIS  |c 2005 
300 |a 162 s. 
610 2 0 |a marketing manažment 
610 2 0 |a marketing 
610 2 0 |a analýzy 
610 2 0 |a stratégia marketingová 
610 2 0 |a marketing medzinárodný 
100 1 |a Körmendy, Viliam 
700 1 |a Konštiak, Pavol 
700 1 |a Vávra, Viktor